Constituição econômica e produtividade / (Record no. 33)

MARC details
000 -LÍDER
Campo Fixo de Controle 00797cam a2200241 a 4500
001 - NÚMERO DE CONTROLE
Campo de Controle 33
003 - IDENTIFICAÇÃO DO NÚMERO DE CONTROLE
Campo de Controle BR-CuiBMT
005 - DATA E HORA DA ÚLTIMA ATUALIZAÇÃO
Campo de Controle 20231116034043.0
008 - DADOS FIXOS
Dados Fixos 230804s2021 mgb 000 0 por d
020 ## - INTERNATIONAL STANDARD BOOK NUMBER
Nº do ISBN 9786555182736
040 ## - AGÊNCIA CATALOGADORA
Código da Agência Catalogadora BR-CuiBMT
Agência que transcreveu o registro BR-CuiBMT
080 ## - Nº DA CLASSIFICAÇÃO DECIMAL UNIVERSAL
Nº Class. CDU 346
Nº edição CDU 2007
090 ## - NÚMERO DE CHAMADA
Nº classificação 346
Cutter T658c
100 1# - ENTRADA PRINCIPAL -- AUTOR PESSOAL
Nome pessoal Tomkowski, Fábio Goulart
245 10 - TÍTULO PRINCIPAL
Título principal Constituição econômica e produtividade /
Indicação de responsabilidade Fábio Goulart Tomkowski ; prefácios Ives Gandra da Silva Martins, Fernando Facury Scaff.
260 ## - PUBLICAÇÃO, DISTRIBUIÇÃO, ETC.
Local de publicação Belo Horizonte :
Editora Fórum,
Data 2021.
300 ## - DESCRIÇÃO FÍSICA
N. páginas ou volumes 376 p. ;
Dimensões 22 cm
504 ## - NOTA DE BIBLIOGRAFIA, ETC.
Nota de bibliografia Inclui bibliografia.
650 ## - ASSUNTO TÓPICO
Cabeçalho tópico ou nome geográfico Direito econômico
Subdivisão geral Produtividade
650 ## - ASSUNTO TÓPICO
Cabeçalho tópico ou nome geográfico Desenvolvimento sustentável
Subdivisão geral Constituição federal
Subdivisão geográfica Brasil
Subdivisão cronológica 1988
650 ## - ASSUNTO TÓPICO
Cabeçalho tópico ou nome geográfico Produtividade
Subdivisão geral Economia
942 ## - ELEMENTOS DE ENTRADA ADICIONAIS (KOHA)
Fonte de classificação ou esquema de arquivamento Classificação Decimal Universal
Tipo de item do Koha Livros
Holdings
Estado: removido Estado: perdido Fonte de classificação ou esquema de arquivamento Estado: danificado Indisponível para empréstimo Localização permanente Localização atual Data de aquisição Total Checkouts Número de Chamada completo Código de barras Date last seen Número do exemplar Preço efetivo a partir de Tipo de item (Koha)
    Classificação Decimal Universal     Biblioteca da Escola Superior de Contas do TCE/MT Biblioteca da Escola Superior de Contas do TCE/MT 28/06/2023   346 T658c BIBTCEMT23080009 04/08/2023 Ex. 1 04/08/2023 Livros
    Classificação Decimal Universal     Biblioteca da Escola Superior de Contas do TCE/MT Biblioteca da Escola Superior de Contas do TCE/MT 22/11/2023   346 T658c BIBTCEMT23110835 22/11/2023 Ex. 2 22/11/2023 Livros
    Classificação Decimal Universal     Biblioteca da Escola Superior de Contas do TCE/MT Biblioteca da Escola Superior de Contas do TCE/MT 22/11/2023   346 T658c BIBTCEMT23110836 22/11/2023 Ex. 3 22/11/2023 Livros
    Classificação Decimal Universal     Biblioteca da Escola Superior de Contas do TCE/MT Biblioteca da Escola Superior de Contas do TCE/MT 22/11/2023   346 T658c BIBTCEMT23110837 22/11/2023 Ex. 4 22/11/2023 Livros

Powered by Koha